Indovina la Squadra di Calcio dallo Stemma - Serie A 2025/26 - Statistics

Statistiche generali
  • Questo quiz è stato fatto 97 volte
  • Il punteggio medio è 20 su 20
Statistiche sulle risposte
con Immagini Risposta % Corretto
Bologna
100%
Cagliari
100%
Como
100%
Fiorentina
100%
Genoa
100%
Inter
100%
Juventus
100%
Lazio
100%
Napoli
100%
Parma
100%
Pisa
100%
Roma
100%
Torino
100%
Udinese
100%
Atalanta
99%
Cremonese
98%
Lecce
98%
Milan
98%
Sassuolo
98%
Hellas Verona
95%
Nessun quiz corrispondente trovato
Distribuzione punteggi
Percentuale di utenti per punteggio
Percentile per numero di risposta
I tuoi punteggi nel tempo
Non hai fatto questo quiz